Macroeconomía : (Registro nro. 8705)
[ vista simple ]
| 000 -LEADER | |
|---|---|
| fixed length control field | 01167nam a2200265Ia 4500 |
| 003 - CONTROL NUMBER IDENTIFIER | |
| control field | OSt |
| 005 - DATE AND TIME OF LATEST TRANSACTION | |
| control field | 20211105143816.0 |
| 008 - FIXED-LENGTH DATA ELEMENTS--GENERAL INFORMATION | |
| fixed length control field | 210310s1976 mx ad fr 001 0 spa d |
| 040 ## - CATALOGING SOURCE | |
| Original cataloging agency | CO-JMCR |
| Transcribing agency | CO-JMCR |
| 041 1# - LANGUAGE CODE | |
| Language code of text/sound track or separate title | spa |
| Language code of original | eng |
| 082 04 - DEWEY DECIMAL CLASSIFICATION NUMBER | |
| Classification number | 339 / |
| Item number | D436m |
| Edition number | 23 |
| 100 1# - MAIN ENTRY--PERSONAL NAME | |
| Personal name | Dernburg, Thomas F., |
| 9 (RLIN) | 18045 |
| Relator term | autor |
| 245 10 - TITLE STATEMENT | |
| Title | Macroeconomía : |
| Remainder of title | la medición, análisis y control de la actividad económica agregada / |
| Statement of responsibility, etc. | Thomas F. Dernburg, Duncan M. McDougall ; [traductor, Enrique Martínez] |
| 250 ## - EDITION STATEMENT | |
| Edition statement | 1a. Edición |
| 260 ## - PUBLICATION, DISTRIBUTION, ETC. | |
| Place of publication, distribution, etc. | México : |
| Name of publisher, distributor, etc. | Editorial Diana, |
| Date of publication, distribution, etc. | 1976 |
| 300 ## - PHYSICAL DESCRIPTION | |
| Extent | 576 páginas : |
| Other physical details | ilustraciones y gráficas a blanco y negro ; |
| Dimensions | 22 cm. |
| 500 ## - GENERAL NOTE | |
| General note | Incluye notas a pie de página. |
| 505 0# - FORMATTED CONTENTS NOTE | |
| Formatted contents note | La medición de la actividad económica -- El nivel de la actividad económica -- Crecimiento y fluctuaciones en la actividad económica -- Problemas en el control de la actividad económica |
| 650 14 - SUBJECT ADDED ENTRY--TOPICAL TERM | |
| Topical term or geographic name entry element | Macroeconomía |
| 9 (RLIN) | 18047 |
| 650 24 - SUBJECT ADDED ENTRY--TOPICAL TERM | |
| Topical term or geographic name entry element | Modelos matemáticos |
| 9 (RLIN) | 1740 |
| 650 24 - SUBJECT ADDED ENTRY--TOPICAL TERM | |
| Topical term or geographic name entry element | Economía |
| General subdivision | Modelos matemáticos |
| 9 (RLIN) | 41436 |
| 700 1# - ADDED ENTRY--PERSONAL NAME | |
| Personal name | McDougall, Duncan M., |
| Relator term | autor |
| 9 (RLIN) | 41437 |
| 700 1# - ADDED ENTRY--PERSONAL NAME | |
| Personal name | Martínez, Enrique, |
| Relator term | traductor |
| 9 (RLIN) | 41438 |
| 942 ## - ADDED ENTRY ELEMENTS (KOHA) | |
| Source of classification or shelving scheme | Dewey Decimal Classification |
| Koha item type | Books |
| Withdrawn status | Lost status | Source of classification or shelving scheme | Damaged status | Not for loan | Collection code | Home library | Current library | Date acquired | Source of acquisition | Full call number | Barcode | Date last seen | Copy number | Koha item type |
|---|---|---|---|---|---|---|---|---|---|---|---|---|---|---|
| Dewey Decimal Classification | Non-fiction | Biblioteca Pública José María del Castillo y Rada | Biblioteca Pública José María del Castillo y Rada | 04/15/2018 | Donación | 339 / D436m | 430005832 | 05/16/2024 | Ej.1 | Books |